000 00384nam a2200133Ia 4500
008 211109s9999||||xx |||||||||||||| ||und||
082 _a894.8928
_bNAR-B
100 _aNarayana Kaimal, Vallathol,
245 0 _aBandhanasthanaya Athiroopan
260 _bMagalodayam
_aVennikulam
_c1900
630 _xGeneral Stack
650 _aLiterature
_vMalayalam Literature
_xMalayalam
942 _cBOOK
999 _c2170
_d2170